Statistiques concernant Les Simpson, le film

Cliquez ici pour prendre le quiz!

Statistiques générales

  • Ce quiz a été pris 106 fois
  • Le résultat moyen est 23 sur 50

Statistiques - réponses

QuestionRéponse% Correct
Quand la barge coule dans le lac, la scène fait référence à quel film ou série de films ?Titanic
97%
Quelle phrase Bart écrit-il sur le tableau lors du générique ?Je ne téléchargerai pas ce film illégalement
94%
Dans la chambre d'hôtel, quelle alcool Bart boit-il ?du whisky
72%
Quelle tâche n'est pas inscrite dans le carnet de liste de choses à faire par Homer ?Ranger le garage
72%
La conférence de Lisa à la mairie concernant la pollution du lac s'intitule "Une vérité qui irrite", parodiant le nom d'un réel documentaire sur l'écologie :Une vérité qui dérange
72%
Quand Homer va à la décharge pour jeter le silo de crottes du cochon, son téléphone sonne en voiture. Où était-il rangé ?dans le ventre du cochon
69%
Suite à cette conférence, le maire déclare l'état d'urgence avec une gravité de :code noir
67%
Quel jeu est parodié dans la salle d'arcade où s'occupe Homer en Alaska ?GTA
63%
Lorsqu'Homer s'imagine en train de danser avec le cochon dans ses bras, quelle célèbre chanson passe en fond ?Happy Together - The Turtles
62%
Quel est le nom du jeu vidéo auquel joue Bart à l'église ?Baby Blast
61%
Qu'achète Marge à la station essence pour détourner l'attention du gérant de l'affiche les dénonçant comme "recherchés" ?du bœuf séché
61%
Quelle star fait la pub pour présenter le nouveau grand canyon qui se situera à l'emplacement de Springfield ?Tom Hanks
58%
Quel groupe de rock chante au lac de Springfield ?Green Day
57%
Que ne dit pas Lisa à propos de Colin quand elle le décrit à Marge ?il est irlandais
57%
Quand la mafia tente de jeter un cadavre dans le lac mais se fait surprendre par la police, que dit Gros Tony concernant le sac contenant le corps ? Qu'il s'agit :d'un tronc d'arbre
55%
Dans un dernier élan de courage, Martin s'attaque au groupe des petites brutes de l'école. Qui manquait-il à ce moment-là ?Nelson
55%
À la NSA, on entend la conversation d'une femme commandant une pizza. Quel est le nom de cette pizza ?Les amoureux de la viande
53%
Dans quel lieu commence le film ?Sur la Lune
52%
Comment s'intitule le projet gouvernemental visant à détruire Springfield ?Envol de l'aigle
51%
Russ Cargill propose 5 plans au président pour contenir la pollution à Springfield. Lequel est choisi par le président sans même les lire ?Le 3
51%
Par quelle marque est sponsorisé le concert ?Les bières Duff
49%
Après l'explosion du dôme, quel habitant reçoit un énorme morceau de verre sur le corps ?le Dr Nick
48%
Un tableau de quel animal peut-on apercevoir dans la chambre de Rod et Todd lorsque Ned leur dit bonne nuit ?un mouton
47%
Quand Homer brosse la tête du cochon pour lui tester différentes coiffures, dans quelle pièce se trouve-t-il ?La chambre de Bart
46%
Quel grade Moe s'est-il accordé comme dirigeant de la ville ?empereur
45%
Qui n'est pas présent au manoir de Burns pour négocier un retour de l'électricité en ville ?le professeur Frink
45%
Après sa révélation, Homer prend trois décisions. Laquelle ne prend-il pas ?insulter Flanders
44%
De quelle couleur est le siège de la moto que récupère Homer pour remonter le dôme ?rouge
44%
Une fois le dôme mis en place, Moe s'exclame que les habitants ont été pris au piège comme des rats. Russ Cargill dit que des rats ne se font pas avoir si facilement, et qu'eux se sont faits avoir comme :des carottes
42%
Lorsque la famille fuit leur maison, Marge retourne chercher la cassette de leur mariage dans le placard à souvenir. Que peut-on y voir d'autres dans ce placard ?un trophée
42%
À la frontière, combien le garde donne-t-il d'argent à la famille pour les accueillir en Alaska ?1000 $
40%
Quelle est la définition du mot "révélation" selon la femme inuit ?La découverte soudaine d'une grande vérité
39%
Homer rentre en traineau, par combien de chiens est-il tiré ?6
38%
Pour surveiller le dôme, Cargill veut 10 000 mecs durs et 10 000 mecs mous en les disposant d'une certaine manière. Laquelle ?dur dur mou dur mou mou dur dur mou mou dur mou
35%
En reconstruisant le toit à la fin du film, où Homer se plante-t-il le clou ?dans la jambe
34%
Lors de sa promenade avec Bart, Ned indique que Springfield est bordé par quatre États. Lequel ne cite-t-il pas ?Le Kansas
34%
Sur quelle durée est réglé le déclenchement de la bombe ?15 min
33%
Quel est le numéro de l'hélicoptère transportant la bombe ?H-270
33%
Quelle révélation Homer déclare-t-il en premier ?Les bananes sont une excellente source de potassium
33%
Sur le film de leur mariage, combien d'invités étaient présents à l'événement ?8
31%
La pub à la télé présentant des nettoyants pour dôme se vante de vendre une multitude de produits, lequel n'est pas dans la liste ?détartrant pour dôme
31%
Quand Homer donne un coup de pied dans la bombe, combien fait-il perdre de temps sur le compte-à-rebours ?4:12
30%
À quelle gare la famille compte-elle descendre en train pour prévenir les habitants du projet de destruction de la ville ?Seattle
25%
Au combien-tième jour les habitants commencent-ils à s'attaquer au dôme pour le briser ?103ème jour
22%
Le fourgon emmenant la famille s'arrête à un panneau Stop trafiqué par Homer. L'un des garde dit qu'il ne faut pas s'arrêter à tous les panneaux bizarres comme ... (trouver l'intrus)priorité à boite
22%
Lorsqu'Homer et Bart tombent en moto pendant l'écroulement du dôme, ils rebondissent sur le panneau Springfield (en grosses lettres comme Hollywood). Sur quelle lettre roulent-ils avec la moto ?le P
20%
De quel instrument Colin dit-il savoir jouer ?trompette
18%
Qui est le premier à grimper à la corde pour tenter de sortir du dôme ?Carl
16%
Lorsqu'ils survolent les gorges de Springfield en moto, quelle référence est toujours sur place rappelant l'épisode où Bart devait le faire en skate board ?une ambulance
16%
Hormis le bac à sable, quelle est la première chose que l'ancien puits aspire après le passage de la famille dedans pour s'enfuir ?la voiture
13%

Distribution des résultats

Percentile par nombre de réponses

% des personnes avec chaque résultat

Votre développement - résultats

Vous n’avez pas pris ce quiz